Γενική λογιστική : προσαρμοσμένη στο ελληνικό γενικό λογιστικό σχέδιο ως προς τις έννοιες, τους χειρισμούς και το σχέδιο των λογαριασμών
Saved in:
| Main Author: | |
|---|---|
| Format: | Book |
| Language: | Greek |
| Published: |
Αθήνα :
[χ.ε.],
1988
|
| Subjects: | |
| Tags: |
Add Tag
No Tags, Be the first to tag this record!
|
MARC
| LEADER | 00000nam a2200000 i 4500 | ||
|---|---|---|---|
| 001 | 1/71501 | ||
| 008 | 990304s1988 gre d | ||
| 035 | |l 10048339 | ||
| 040 | |a GR-MY-UA |b gre |e aacr | ||
| 041 | 0 | |a gre | |
| 082 | 0 | |a 657 | |
| 100 | 1 | |a Κοντάκος, Αριστοτέλης Γ. | |
| 245 | 1 | 0 | |a Γενική λογιστική : |b προσαρμοσμένη στο ελληνικό γενικό λογιστικό σχέδιο ως προς τις έννοιες, τους χειρισμούς και το σχέδιο των λογαριασμών / |c Αριστοτέλης Γ. Κοντάκος |
| 260 | |a Αθήνα : |b [χ.ε.], |c 1988 | ||
| 300 | |a 334 σ. | ||
| 650 | 0 | 0 | |a Accounting. |
| 852 | |a INST |b CHIOS |e 19990304 |h 657 ΚΟΝ |p 005200014689 |q 005200014689 |t BK |y 0 | ||
| 901 | |a BIBL-1999-1 | ||
| 909 | |a Χ |b 055495 | ||
| 922 | |a 2ΔΩΡ |b 199903 |d ΛΕΜΟΝΙΑ | ||